| 000 | 00780nam a22002537a 4500 | ||
|---|---|---|---|
| 003 | OSt | ||
| 005 | 20240530110425.0 | ||
| 008 | 150323s2009 gw apo f 000 0 eng d | ||
| 020 | _a9783836510387 (hbk.) | ||
| 020 | _a3836510383 (hbk.) | ||
| 040 |
_aEG-CaGPL _cEG-CaGPL |
||
| 082 | 0 | 4 |
_221 _a722.8\ _bS G |
| 100 | 1 | _aStierlin, Henri. | |
| 245 | 1 | 0 |
_aGreece : _bfrom Mycenae to the Parthenon / _cHenri Stierlin ; photography by Anne and Henri Stierlin. |
| 250 | _a25th anniversary ed. | ||
| 260 |
_aKöln ; _aLondon : _bTaschen, _c2009. |
||
| 300 |
_a221 p. : _bcol. ill. ; _c31 cm. |
||
| 490 | _aWorld architecture. | ||
| 500 | _aPrevious ed.: 1997. | ||
| 650 | 0 | _aArchitecture, Classical. | |
| 650 | 0 |
_aArchitecture _zGreece |
|
| 700 | 1 | _aStierlin, Anne. | |
| 942 |
_2ddc _cBK |
||
| 999 |
_c60735 _d60735 |
||